000 00636nam a2200193Ia 4500
003 GCL
008 140319s9999 xx 000 0 ara d
040 _aGCL /
_cGCL
082 0 4 _aد
_b050
100 1 _aابراهيم احمد العدوى
245 1 0 _aابن بطوطة فى العالم الاسلامى ( اقرا 144 ) /
_cابراهيم احمد العدوى
300 _a151 ص
490 _aوثائق ونصوص
_v0
650 0 4 _aالرحالة
650 0 4 _aابن بطوطة
650 0 4 _aالرحالة - العالم الاسلامى
650 0 4 _aالعالم العربى - وصف ورحلات
942 _2ddc
_cCF
999 _c27408
_d27408